| 000 | 00603nam a22001937a 4500 | ||
|---|---|---|---|
| 999 |
_c15605 _d15605 |
||
| 003 | AR-CdUCM | ||
| 008 | 190429b ||||| |||| 00| 0 spa d | ||
| 040 |
_aMUNICIPALIDAD PROVINCIAL DEL CUSCO _cBIBLIOTECA MUNICIPAL DEL CUSCO |
||
| 082 |
_a461.1 / _bAN61 |
||
| 245 |
_aABC de los animales : _bFrutas y flores / |
||
| 260 |
_aPerú : _bNavarrete. |
||
| 300 |
_bilustraciones, _c30 cm. |
||
| 650 |
_aAprendizaje infantil _933271 |
||
| 650 |
_aPrimera infancia _924660 |
||
| 650 |
_aSiglo XX _98 |
||
| 710 |
_aCorporación Gráfica Navarrete. _933296 |
||
| 942 |
_2ddc _cLIBROS |
||
| 945 |
_aachl _d2019-04-29 |
||